000 00902nas a2200253Ia 4500
001 R020/75121
003 IT-RoPAU
008 151124c99999999xx |||||||||||| ||und||
040 _aIT-RoPAU
040 _cIT-RoPAU
041 _aINGLESE
100 _aMontanaro Carlo
_gCodice Aut. SPICS: 3629
210 _aGRIFFITHIANA
222 _aGriffithiana
245 _aGRIFFITHIANA, ANNO 11-N.32/33 (SETTEMBRE 1988)
_bStrange Case Of Le Theatre Du Petit Bob (The)
250 _a1a ed.
260 _aGEMONA (UDINE)
_bCINETECA DEL FRIULI
_c1988
501 _bPaulus - SPICS - Società San Paolo EM (non-commercial uses only)
_cCopyright2015
300 _a3 p. [278-280]
362 _aANNO 011, N.32/33 (SETTEMBRE 1988)
500 _aUn Giallo a Proposito del Film le Theatre Du Petit Bob. Testo Italiano a Pagina 127 Dello Stesso Volume.
650 _aCINEMA
_vPUBBLICAZIONE PERIODICA
942 _cCR
999 _c129840
_d129840